Flora arbórea de Chile / (Registro nro. 11)
[ vista simple ]
| 000 -LEADER | |
|---|---|
| fixed length control field | 00703nam a22002417a 4500 |
| 005 - DATE AND TIME OF LATEST TRANSACTION | |
| control field | 20250522120000.0 |
| 006 - FIXED-LENGTH DATA ELEMENTS--ADDITIONAL MATERIAL CHARACTERISTICS | |
| fixed length control field | a|||||r|||| 00| 0 |
| 007 - PHYSICAL DESCRIPTION FIXED FIELD--GENERAL INFORMATION | |
| fixed length control field | ta |
| 008 - FIXED-LENGTH DATA ELEMENTS--GENERAL INFORMATION | |
| fixed length control field | 240823b1983 cl ||||| |||| 00| 0 spa d |
| 040 ## - Fuente de catalogación | |
| Agencia de catalogación original | AR-EsCIE |
| Transcribing agency | AR-EsCIE |
| 082 ## - DEWEY DECIMAL CLASSIFICATION NUMBER | |
| Classification number | 581 |
| 100 1# - MAIN ENTRY--PERSONAL NAME | |
| Personal name | Rodriguez R., Roberto |
| Dates associated with a name | 1944- |
| 9 (RLIN) | 14 |
| 245 10 - TITLE STATEMENT | |
| Title | Flora arbórea de Chile / |
| Statement of responsibility, etc. | Roberto R. Rodríguez, Oscar Matthei S., Max Quesada M. |
| 260 ## - PUBLICATION, DISTRIBUTION, ETC. | |
| Place of publication, distribution, etc. | Concepción : |
| Name of publisher, distributor, etc. | Universidad de Concepción Chile, |
| Date of publication, distribution, etc. | 1983. |
| 300 ## - PHYSICAL DESCRIPTION | |
| Extent | 408 p. |
| Other physical details | il. |
| 650 #4 - SUBJECT ADDED ENTRY--TOPICAL TERM | |
| Topical term or geographic name entry element | BOTANICA |
| 9 (RLIN) | 15 |
| 650 #4 - SUBJECT ADDED ENTRY--TOPICAL TERM | |
| Topical term or geographic name entry element | TAXONOMIA |
| 9 (RLIN) | 18 |
| 650 #4 - SUBJECT ADDED ENTRY--TOPICAL TERM | |
| Topical term or geographic name entry element | PLANTAS |
| 9 (RLIN) | 19 |
| 650 #0 - SUBJECT ADDED ENTRY--TOPICAL TERM | |
| Topical term or geographic name entry element | CHILE |
| 9 (RLIN) | 20 |
| 700 #1 - ADDED ENTRY--PERSONAL NAME | |
| Personal name | Matthei S., Oscar |
| 9 (RLIN) | 16 |
| 700 #1 - ADDED ENTRY--PERSONAL NAME | |
| Personal name | Quezada M., Max |
| 9 (RLIN) | 17 |
| 942 ## - ADDED ENTRY ELEMENTS (KOHA) | |
| Source of classification or shelving scheme | Dewey Decimal Classification |
| Koha item type | Books |
| Call number prefix | LB00003 |
| Suppress in OPAC | No |
| Withdrawn status | Lost status | Source of classification or shelving scheme | Damaged status | Not for loan | Home library | Current library | Date acquired | Source of acquisition | Inventory number | Total checkouts | Full call number | Barcode | Date last seen | Price effective from | Koha item type |
|---|---|---|---|---|---|---|---|---|---|---|---|---|---|---|---|
| Dewey Decimal Classification | CIEFAP | CIEFAP | 08/23/2024 | donación | 00002 | LB00003 | 000000001 | 08/23/2024 | 08/23/2024 | Books |
